Hidden Missing Words: Books Quiz Stats

 Plays Quiz Updated May 20, 2019

Score 0/30 Timer 05:00
3 Plays Today
% Correct
Dingdong
85.2%
Swindle
85.1%
Northeastwardly
84.7%
Hairdryer
84.7%
Unashamedly
84.3%
Automobile
83.7%
Network
83.3%
Accommodations
79.2%
Creativity
79.1%
Rehearsal
78.9%
Stonework
78.5%
Precedents
77.8%
Dungarees
75.8%
Misunderstanding
74.6%
Journeyman
70.3%
% Correct
Seafaring
69.8%
Trendsetter
69.1%
Sugarplum
64.4%
Overgrowth
64%
Mephistopheles
61%
Lozenge
56.1%
Mimicry
52.6%
Escargot
52.6%
Nebraska
52.1%
Prosecutor
45.9%
Enthusiastic
45.3%
Merchandise
40.1%
Shadowiness
38%
Obelisk
37.6%
Bullfighting
35.4%

You're not logged in!

Compare scores with friends on all Sporcle quizzes.
OR
Log In

Sporcle TV

Today on Sporcle TV


Watch our educational content, quiz creation guides, and fun videos on Sporcle TV.

Show Comments

Extras

Top Quizzes Today


Score Distribution

Your Account Isn't Verified!

In order to create a playlist on Sporcle, you need to verify the email address you used during registration. Go to your Sporcle Settings to finish the process.

Report this User

Report this user for behavior that violates our Community Guidelines.

Details: